Statistics for Top 10 Largest Seaports in the World

Click here to take the quiz!

General Stats

  • This quiz has been taken 110 times
  • The average score is 7 of 10

Answer Stats

CountryCity% Correct
3SingaporeSingapore
98%
1ChinaShanghai
96%
4NetherlandsRotterdam
93%
9ChinaHong Kong
89%
10South KoreaBusan
76%
6ChinaGuangzhou
74%
5ChinaTianjin
59%
8ChinaDalian
33%
7ChinaQingdao
31%
2ChinaNingbo-Zhoushan
23%

Score Distribution

Percentile by Number Answered

Percent of People with Each Score

Your Score History

You have not taken this quiz